000 005450000a22001810004500
090 _aAR
_b02452
100 1 _aWebster, David
_994631
700 1 _aJones, J. Knox
_99498
245 1 0 _aNoteworthy records of bats from Bolivia
650 1 4 _aMurciélagos
_92659
650 1 4 _aNuevos registros
_994719
650 1 4 _aTaxonomía animal
_98245
650 1 4 _aInventarios de murciélagos
_995251
651 4 _pBolivia
_992749
041 0 _aInglés
942 _cARTICULO
773 1 _tOccasional Papers: Museum of Texas Tech University
_3430
_h68
_q1-6
_d1980
999 _c11519
_d11519